000 00386nam a2200145Ia 4500
008 100122s9999 xx 000 0 und d
082 _b54796
_a30
100 _aBHANOT T R
245 _aHOW DOES IT WORK / DICOVERIES
260 _bDREAMLAND PABLICATION
_c1995
300 _a128
630 _aHOW DOES IT WORK / DICOVERIES
730 _aHOW DOES IT WORK / DICOVERIES
942 _cBOOK
999 _c376311
_d376308